MARC details
| 000 -LÍDER |
| campo de controle de tamanho fixo |
01513nam a22003377a 4500 |
| 001 - NÚMERO DE CONTROLE |
| campo de controle |
277 |
| 003 - IDENTIFICADOR DO NÚMERO DE CONTROLE |
| campo de controle |
OSt |
| 005 - DATA E HORÁRIO DA ÚLTIMA TRANSAÇÃO |
| campo de controle |
20250528074016.0 |
| 008 - CAMPO DE DADOS FIXOS--INFORMAÇÃO GERAL |
| campo de controle de tamanho fixo |
250314b |||||||e |||| 00| f eng d |
| 040 ## - FONTE DA CATALOGAÇÃO |
| Idioma da catalogação |
por |
| 041 ## - CÓDIGO DE IDIOMA |
| Código do idioma do original e/ou traduções intermediárias do texto |
ger |
| Código do idioma do texto/trilha sonora ou título diferente |
por |
| 082 ## - CDD - CLASSIFICAÇÃO DECIMAL DE DEWEY |
| Número de Classificação |
833 |
| Número do exemplar |
G611s |
| 100 ## - ENTRADA PRINCIPAL--NOME PESSOAL |
| Nome pessoal |
Goethe, Johann Wolfgang von |
| Datas associadas ao nome |
1749- 1832 |
| 240 ## - TÍTULO UNIFORME |
| Título uniforme |
Die Leiden des jungen Werthers |
| 245 ## - TÍTULO |
| Título |
Os Sofrimentos do Jovem |
| Restante do título |
Werther / |
| Indicação de responsabilidade, etc. |
Goethe, Johann Wolfgang von ; Tradução de Galeão Coutinho |
| 250 ## - EDIÇÃO |
| Declaração de edição |
2 |
| 260 ## - PUBLICAÇÃO, DISTRIBUIÇÃO, ETC. |
| Local de publicação, distribuição, etc. |
São Paulo |
| Nome do editor, distribuidor, etc. |
Abril |
| Data da publicação, distribuição, etc. |
1971 |
| 300 ## - DESCRIÇÃO FÍSICA |
| Extensão |
162 p. |
| 490 1# - TÍTULO DA SÉRIE |
| Título da série |
Os Imortais da Literatura Universal |
| 520 ## - NOTA DE RESUMO, ETC. |
| Resumo, etc. |
Adaptação em português do clássico da literatura alemã, com linguagem acessível para o público jovem. O jovem Werther muda-se para uma região campestre, onde conhece a jovem Charlotte, noiva de Albert, e por ela se vê perdidamente apaixonado. Tentando escapar ao fascínio que Charlotte exerce sobre ele, Werther muda de cidade, trabalhando como procurador. No entanto, ele acaba indispondo-se com seu chefe, um velho embaixador, e volta, então, para o campo. A paixão por Charlotte progride e termina de modo trágico.<br/> |
| 650 #0 - ASSUNTO--TERMO TÓPICO |
| Cabeçalho tópico ou nome geográfico |
Literatura Alemã |
| 9 (RLIN) |
365 |
| 650 #0 - ASSUNTO--TERMO TÓPICO |
| Cabeçalho tópico ou nome geográfico |
Histórico |
| 9 (RLIN) |
53 |
| 650 #0 - ASSUNTO--TERMO TÓPICO |
| Cabeçalho tópico ou nome geográfico |
Clássicos |
| 9 (RLIN) |
77 |
| 650 #0 - ASSUNTO--TERMO TÓPICO |
| Cabeçalho tópico ou nome geográfico |
Psicológico |
| 9 (RLIN) |
85 |
| 650 #0 - ASSUNTO--TERMO TÓPICO |
| Cabeçalho tópico ou nome geográfico |
Tragédia |
| 9 (RLIN) |
511 |
| 655 #0 - TERMO DE ÍNDICE--GÊNERO E FORMA |
| Gênero/forma/ou termo foco |
Romance |
| 655 #0 - TERMO DE ÍNDICE--GÊNERO E FORMA |
| Gênero/forma/ou termo foco |
Ficção |
| 700 1# - ENTRADA ADICIONADA - NOME PESSOAL |
| Nome pessoal |
Coutinho, Galeão, |
| Datas associadas ao nome |
1897-1951 |
| Função do autor por extenso |
TRADUTOR |
| 9 (RLIN) |
513 |
| 830 ## - ENTRADA SECUNDÁRIA DE SÉRIE--TÍTULO UNIFORME |
| Título uniforme |
Os Imortais da Literatura Universal |
| 9 (RLIN) |
461 |
| Número do volume ou designação sequencial da série |
vol. 08 |
| 942 ## - ELEMENTOS DE ENTRADA ADICIONADOS (KOHA) |
| Fonte de classificação ou esquema de arquivamento |
Classificação decimal de Dewey |
| Ocultar no OPAC |
Não |
| Tipo de material Koha |
Livros |